Datum a čas kvízu

24.5 Celkem bodů Celkový počet nahraných bodů na tomto kvízu bez doplňovacích otázek.
7. Pořadí na kvízu Konečné umístění týmu na tomto kvízu.

Zaznamenané odpovědi

# Otázka Odpověď Body Výsledky
1. Státní pomoc s vysokými účty z... 20 000 Kč 0
2. Dva aktivisté z hnutí Just Sto... Přilepili se k obrazu. 0
3. Jak se jmenuje americký herec... Benicio del Toro 0
4. Sandra Flemrová – holčička z l... vratných lahví 0
5. Kateřina Svitková, jedna z nej... za Chelsea 1
6. Jak se jmenuje první žena v na... Ingrid Bergmanová, Casablanca 0.5
7. O původem švédské herečce Gret... Mata Hari 0
8. Poznáte film Petra Kolihy, z n... Výchova dívek v Čechách, Michal Viewegh 0.5
9. Markéta Hrubešová se v 90. let... Žiletky 0
10. Přiřaďte následující superhrdi... 1B 2D 3C 4A 1